Online
Catalog

Identidad nacional y sociedad en la ensayistica cubana y puertorriquena (1920-1940) : (Record no. 2953)

MARC details
000 -CABECERA
campo de control de longitud fija 01434nam a2200289 a 4500
001 - NÚMERO DE CONTROL
campo de control 000003122
005 - FECHA Y HORA DE LA ÚLTIMA TRANSACCIÓN
campo de control 20250606121936.0
008 - DATOS DE LONGITUD FIJA--INFORMACIÓN GENERAL
campo de control de longitud fija 980302s1993 dr b 000 0 spa d
040 ## - FUENTE DE LA CATALOGACIÓN
Centro catalogador/agencia de origen DO-SdBNP
Lengua de catalogación spa
Centro/agencia transcriptor BNPHU
082 ## - NÚMERO DE LA CLASIFICACIÓN DECIMAL DEWEY
Número de clasificación 809.8898
Número de documento/Ítem F363i
100 2# - ENTRADA PRINCIPAL--NOMBRE DE PERSONA
Nombre de persona Fernández Valledor, Roberto.
9 (RLIN) 9834
245 10 - MENCIÓN DE TÍTULO
Título Identidad nacional y sociedad en la ensayistica cubana y puertorriquena (1920-1940) :
Resto del título Manach, Marinello, Pedreira y Blanco /
Mención de responsabilidad, etc. Roberto Fernández Valledor.
260 ## - PUBLICACIÓN, DISTRIBUCIÓN, ETC.
Lugar de publicación, distribución, etc. [San Juan, P.R.] :
Nombre del editor, distribuidor, etc. Centro de Estudios Avanzados de Puerto Rico y el Caribe,
Fecha de publicación, distribución, etc. 1993.
Lugar de fabricación/manufactura Santo Domingo
Fabricante Corripio
300 ## - DESCRIPCIÓN FÍSICA
Extensión viii, 264 p. ;
Dimensiones 23 cm.
504 ## - NOTA DE BIBLIOGRAFÍA, ETC.
Nota de bibliografía, etc. Incluye referencias bibliográficas y notas al pie de las páginas
504 ## - NOTA DE BIBLIOGRAFÍA, ETC.
Nota de bibliografía, etc. Incluye referencias bibliográficas (p. [241]-264)
600 14 - PUNTO DE ACCESO ADICIONAL DE MATERIA--NOMBRE DE PERSONA
Nombre de persona MAÑACH, JORGE,
Fechas asociadas al nombre 1898-1961
Subdivisión general CRÍTICA E INTERPRETACIÓN
9 (RLIN) 9835
600 14 - PUNTO DE ACCESO ADICIONAL DE MATERIA--NOMBRE DE PERSONA
Nombre de persona MARINELLO, JUAN,
Fechas asociadas al nombre 1898-1977
Subdivisión general CRÍTICA E INTERPRETACIÓN
9 (RLIN) 9836
600 14 - PUNTO DE ACCESO ADICIONAL DE MATERIA--NOMBRE DE PERSONA
Nombre de persona PEDREIRA, ANTONIO SALVADOR,
Fechas asociadas al nombre 1899-1939
Subdivisión general CRÍTICA E INTERPRETACIÓN
9 (RLIN) 9837
600 14 - PUNTO DE ACCESO ADICIONAL DE MATERIA--NOMBRE DE PERSONA
Nombre de persona BLANCO, TOMÁS,
Fechas asociadas al nombre 1896-1975
Subdivisión general CRÍTICA E INTERPRETACIÓN
9 (RLIN) 9838
650 #4 - PUNTO DE ACCESO ADICIONAL DE MATERIA--TÉRMINO DE MATERIA
Término de materia o nombre geográfico como elemento de entrada Ensayos cubanos
Subdivisión cronológica SIGLO XX
Subdivisión general Historia y crítica
9 (RLIN) 9839
650 #4 - PUNTO DE ACCESO ADICIONAL DE MATERIA--TÉRMINO DE MATERIA
Término de materia o nombre geográfico como elemento de entrada Ensayos puertorriqueños
Subdivisión cronológica SIGLO XX
Subdivisión general Historia y crítica
9 (RLIN) 9840
650 #4 - PUNTO DE ACCESO ADICIONAL DE MATERIA--TÉRMINO DE MATERIA
Término de materia o nombre geográfico como elemento de entrada Literatura y sociedad
Subdivisión geográfica Cuba
9 (RLIN) 9841
650 #4 - PUNTO DE ACCESO ADICIONAL DE MATERIA--TÉRMINO DE MATERIA
Término de materia o nombre geográfico como elemento de entrada Literatura y sociedad
Subdivisión geográfica Puerto Rico
9 (RLIN) 9842
650 #0 - PUNTO DE ACCESO ADICIONAL DE MATERIA--TÉRMINO DE MATERIA
Término de materia o nombre geográfico como elemento de entrada Identidad nacional
9 (RLIN) 2163
910 ## - DATOS DE OPCIÓN DEL USUARIO (OCLC)
Datos de opción del usuario Validado. Control de calidad MMOLINA
Holdings
Estado de retiro Estado de pérdida No para préstamo Código de colección Localización permanente Ubicación/localización actual Ubicación en estantería Fecha de adquisición Número de inventario Total de préstamos Signatura topográfica completa Código de barras Fecha visto por última vez Precio válido a partir de Tipo de ítem Koha
    Excluido de préstamo Patrimonio Dominicano Patrimonio Dominicano Patrimonio Dominicano En catalogación 06.07.2009 LF1   809.8898 F363i 3122-10 25.06.2020 25.06.2020 Libro y Folleto Colección Patrimonio Dominicano

Powered by Koha